000
00319 a2200157 4500
001
182102
020
_a
978-85-294-0364-9
040
_c
Magnum
100
_a
Azevedo, Aluísio
240
1
0
_a
O cortiço
_l
por
245
1
0
_a
O cortiço
300
_a
224
362
0
_a
2009
697
_a
LITERATURA GERAL
942
_c
BK
999
_c
182102
_d
182102